| 000 | 00844nam a2200277 a 4500 | ||
|---|---|---|---|
| 001 | 72477 | ||
| 003 | BD-RjUL | ||
| 005 | 20211209082251.0 | ||
| 008 | 170520s1927 enkab 00110 eng d | ||
| 035 | _a(BD-RjUL)72695 | ||
| 040 |
_aANL _cANL _beng _dBD-RjUL |
||
| 041 | _aeng | ||
| 082 | 0 |
_a573.2 _223 _bPEA 1927 |
|
| 100 | 1 |
_aPeake, Harold, _d1867-1946. _9205432 |
|
| 245 | 1 | 0 |
_aApes & men / _cby Harold Peake and Herbert John Fleure. |
| 260 |
_aOxford : _bClarendon Press, _c1927. |
||
| 300 |
_avi, 138 p. : _bill. ; _c21 cm. |
||
| 490 | 1 |
_aCorridors of time ; _v1 |
|
| 500 | _aIncludes index. | ||
| 650 | 0 |
_aHuman beings _xOrigin. _9166810 |
|
| 650 | 0 |
_aPrehistoric peoples. _9214358 |
|
| 650 | 0 |
_aEvolution. _9214359 |
|
| 700 | 1 |
_aFleure, Herbert John, _d1877-1969. _9214360 |
|
| 830 |
_aCorridors of time ; _v1 _9214361 |
||
| 942 |
_2ddc _cBK |
||
| 999 |
_c72477 _d72477 |
||